000 00183nam a2200073Ia 4500
008 170817s9999 xx 000 0 und d
100 _aSingh.Yogesh.Kumar
245 0 _aNagrik Sastra Shikshan
260 _bA. P. H. PUB.
999 _c38668
_d38668